| 000 | 00495nam a22001817a 4500 | ||
|---|---|---|---|
| 003 | BD-DhUL | ||
| 005 | 20160529151153.0 | ||
| 008 | 160529s1961 ii ||||| |||| 001 0 eng | ||
| 040 |
_aBD-DhUL _cBD-DhUL |
||
| 082 |
_a338.954 _bNAT |
||
| 100 | 1 | _aNarayan, Shriman | |
| 245 | 1 | 0 |
_aTreands in india planning / _cShriman Narayan, |
| 260 |
_aLondon : _bAsia publication, _cc 1961. |
||
| 300 |
_a139 p. : _c19 cm. |
||
| 500 | _aIncludes index. | ||
| 650 | 0 | _aEconomic development. | |
| 942 |
_2ddc _cBK |
||
| 999 |
_c71396 _d71396 |
||